• 首页
  • 本馆介绍
  • 公告通知
  • 最新文献
  • 馆藏检索
  • 电子资源
  • 读者导购
  • 参考咨询
  • 我的图书馆
  • 登录
  • 详细信息显示
  • 放入我的书架
  • 预约/预借图书
  • 作者相关作品
  • 分类相关作品
  • 丛书相关作品
  • 出版社相关作品

书目信息

  • 表格格式
  • 工作单格式
  • 卡片格式
题名:
作物栽培
    
 
作者: ;四川省绿色证书教材编写委员会 编
分册:  
出版信息: 成都   电子科技大学出版社  1993
页数: 416页
开本: 20cm
丛书名: 学生农业知识丛书
单 册:
中图分类: S31
科图分类:
主题词: 作物--栽培 , 作物
电子资源:
ISBN: 7-81016-829-0
000 00915oam2 2200277 45
001 0120066006290
005 20070113093731.26
010    @a7-81016-829-0@dCNY33.80
092    @aCN@b496058
100    @a20060612e20051993em y0chiy0120 ea
101 0  @achi
102    @aCN@b510000
105    @aa z 000yy
200 1  @a作物栽培@9zuo wu zai pei@f四川省绿色证书教材编写委员会编
210    @a成都@c电子科技大学出版社@d1993@h2005重印
215    @a416页@c图@d20cm
225 2  @a学生农业知识丛书
320    @a有书目
330    @a本书介绍了包括农学、果树、蔬菜、蚕桑、茶叶和牧医六个“绿色证书”岗位培训教材,分公共课、基础课和专业课三类。
461  0 @12001 @a学生农业知识丛书
606 0  @a作物@x栽培
606 0  @a作物
690    @aS31@v4
711 02 @a四川省绿色证书教材编写委员会@9si chuan sheng lu^ se zheng shu jiao cai bian xie wei yuan hui@4编
801  0 @aCN@bLZJBOOK@c20070113
905    @a10447@dS31@e30
    
    作物栽培/四川省绿色证书教材编写委员会编.-成都:电子科技大学出版社,1993(2005重印)
    416页:图;20cm.-(学生农业知识丛书)
    
    
    ISBN 7-81016-829-0:CNY33.80
    本书介绍了包括农学、果树、蔬菜、蚕桑、茶叶和牧医六个“绿色证书”岗位培训教材,分公共课、基础课和专业课三类。
●
相关链接 在E读中查询图书 在五车中查询图书 在当当中查询图书 在豆瓣中查询图书


正题名:作物栽培     索取号:S31/30         预约/预借

序号 登录号 条形码 馆藏地/架位号 状态 备注
1 0564401   205644016   第二样本阅览室/ [索取号:S31/30] 在馆    
2 0564402   205644025   第三借阅区/ [索取号:S31/30] 在馆    
3 0564403   205644034   第三借阅区/ [索取号:S31/30] 在馆    
4 0564404   205644043   第三借阅区/ [索取号:S31/30] 在馆    
5 0564405   205644052   第三借阅区/ [索取号:S31/30] 在馆    
6 0564406   205644061   第三借阅区/ [索取号:S31/30] 在馆    
7 0564407   205644070   第三借阅区/ [索取号:S31/30] 在馆    
8 0564408   205644089   第三借阅区/ [索取号:S31/30] 在馆    
唐山师范学院图书馆 欢迎您!
大连网信软件有限公司© 版权所有